[Event "Bundesliga 8788"]
[Site "Germany"]
[Date "1988.??.??"]
[Round "?"]
[White "Zuse, Klaus Peter"]
[Black "Martin, Thomas"]
[Result "0-1"]
[WhiteElo "2295"]
[BlackElo "2310"]

1.e4 e6 2.d4 d5 3.Nc3 Bb4 4.e5 b6 5.Qg4 Bf8 6.Nh3 Ne7 7.Nf4 g6 8.Nd3 Nf5
9.Bg5 Be7 10.h4 h5 11.Qf4 Nc6 12.Ne2 Ba6 13.O-O-O Qd7 14.Bxe7 Qxe7 15.Kb1 O-O-O
16.Ndc1 Rdg8 17.g3 Kb8 18.Bh3 Na5 19.Bxf5 gxf5 20.b3 Qa3 21.Nd3 Rc8 22.Qc1 Qe7
23.Qd2 Ka8 24.Kb2 Qd8 25.Ndf4 c5 26.c3 Rb8 27.Ka1 Qc7 28.Rc1 Bb5 29.Ng2 Qb7
30.Nef4 Qa6 31.Kb1 Bd7 32.Ne3 Qb5 33.Qb2 Nc6 34.c4 dxc4 35.d5 Nd4 36.Nxc4 exd5
37.Nxd5 Qc6 38.Nf4 Be6 39.Nd6 Qd7 40.Rhd1 f6 41.Rxd4 cxd4 42.Qxd4 fxe5 43.Qxe5 Rbd8
44.Rd1 Rhe8 45.Rd3 Bc4 46.Nxc4 Rxe5 47.Nxe5 Qc8 48.Rxd8 Qxd8 49.Ned3 a5 50.a4 Qd4
51.Kc2 Qh8 52.Kd2 Kb7 53.Kc2 Kc6 54.Kd2 Kd6 55.Kc2 Qa1 56.Nxh5 Kd5 57.Nhf4+ Ke4
58.Ne2 Qa2+ 59.Nb2 Kf3 60.Nc3 Qa3 61.Nd3 f4 62.gxf4 Kg4 63.Nd1 Kxh4 64.Nc3 Kg4
65.Nd1 Qa2+ 66.N1b2 Qa1 67.Nd1 Qd4 68.Nc3 Kf5 69.Kd2 Qd6 70.Nb5 Qd5 71.Kc2 Kg4
72.Nc3 Qh1 73.Nd1 Kf3 74.Kd2 Qf1 75.Nc3 Qa1 76.Kc2 Qa3 77.Nb5 Qa2+ 78.Kc3 Qb1
79.Nd4+ Ke4 80.f3+ Ke3 81.Nc2+ Kxf3 82.f5 Ke4 83.Nb2 Kxf5 84.Nc4 Qg1 85.Nd4+ Ke4
86.Nc2 Qg7+ 87.Kd2 Qg3 88.N4e3 Qf2+ 89.Kc3 Qf6+ 90.Kd2 Qb2 91.b4  0-1

[Event "Regional-Liga NS"]
[Site "Germany"]
[Date "1988.??.??"]
[Round "?"]
[White "Sawadkuhi, Massoud Amir"]
[Black "Geveke, Michael"]
[Result "1-0"]
[WhiteElo "2240"]
[BlackElo "2320"]

1.e4 e6 2.d4 d5 3.Nc3 Bb4 4.e5 Ne7 5.a3 Bxc3+ 6.bxc3 c5 7.Rb1 Qc7 8.Nf3 Nbc6
9.Be2 Bd7 10.O-O f6 11.Bf4 Ng6 12.Bg3 f5 13.Nh4 Nge7 14.f4 O-O-O 15.dxc5 Qa5
16.Qd3 Qxc5+ 17.Bf2 Qa5 18.Rb5 Qc7 19.Rfb1 Na5 20.Bxa7 Bxb5 21.Qxb5 Qxc3
22.Nf3 Nec6 23.Bb6 h6 24.Bd3 g5 25.fxg5 hxg5 26.Qa4 g4 27.Nd4 Qd2 28.Nxc6 Nxc6
29.Qa8+ Nb8 30.Bxd8 Qe3+ 31.Kh1 Rh7 32.Bh4 g3 33.Ba6 Qxe5 34.Bxb7+ Kd7 35.Qa4+  1-0

[Event "Bundesliga 8788"]
[Site "Germany"]
[Date "1988.??.??"]
[Round "?"]
[White "Junge, Ralf"]
[Black "Martin, Thomas"]
[Result "1-0"]
[WhiteElo "2315"]
[BlackElo "2310"]

1.e4 e6 2.d4 d5 3.Nc3 Bb4 4.e5 b6 5.Qg4 Bf8 6.Nf3 Qd7 7.a4 Nc6 8.Nd1 Nge7
9.Ne3 a5 10.b3 Nf5 11.c3 Ba6 12.Bxa6 Rxa6 13.O-O Nce7 14.Ba3 c5 15.dxc5 Nxe3
16.fxe3 Nf5 17.c6 Qxc6 18.Bxf8 Kxf8 19.Nd4 Nxd4 20.cxd4 Ra7 21.Rac1 Qd7 22.e4 h5
23.Qg5 Rh6 24.exd5 exd5 25.Rf6 Rxf6 26.exf6 gxf6 27.Qh6+ Ke7 28.Re1+  1-0

[Event "BL2-W8788"]
[Site "Germany"]
[Date "1988.??.??"]
[Round "?"]
[White "Mainka, Romuald"]
[Black "Borngaesser, Rene"]
[Result "1-0"]
[WhiteElo "2450"]
[BlackElo "2365"]

1.e4 e6 2.d4 d5 3.Nc3 Bb4 4.e5 b6 5.Qg4 Bf8 6.Bg5 Qd7 7.f4 Nc6 8.O-O-O Nge7
9.Bb5 Nf5 10.Qh3 a6 11.Bxc6 Qxc6 12.g4 Ne7 13.Nge2 h6 14.Bxe7 Bxe7 15.f5 Bd7
16.Kb1 O-O-O 17.Nf4 Bg5 18.Qf1 exf5 19.gxf5 Bxf5 20.Nfxd5 Bxc2+ 21.Kxc2 Rxd5
22.h4 Bd8 23.Qg2 Rd6 24.Qxg7  1-0

[Event "Groningen op"]
[Site "Groningen"]
[Date "1988.??.??"]
[Round "?"]
[White "Kuczynski, Robert"]
[Black "Hansen, Lars Bo"]
[Result "0-1"]
[WhiteElo "2485"]
[BlackElo "2365"]

1.e4 e6 2.d4 d5 3.Nc3 Bb4 4.e5 Ne7 5.a3 Bxc3+ 6.bxc3 c5 7.h4 Qc7 8.Nf3 b6
9.h5 h6 10.Bb5+ Bd7 11.Bd3 Ba4 12.O-O c4 13.Be2 Nbc6 14.Re1 O-O-O 15.Bf1 Rdg8
16.Nh2 Kb7 17.g3 Qd7 18.Bh3 a5 19.Bf4 Ka7 20.Ng4 Nf5 21.Kh2 Qe7 22.Qd2 Nb8
23.Kg2 Nd7 24.Ne3 g5 25.hxg6 fxg6 26.Bxf5 gxf5 27.Rh1 h5 28.Rh3 Nf8 29.Kf3 h4
30.Rah1 Ng6 31.Ng2 hxg3 32.Rxh8 Rxh8 33.Rxh8 Nxh8 34.Bxg3 Nf7 35.Bh4 Qxa3
36.Nf4 Bd7 37.Ne2 Qf8 38.Bf6 Qg8 39.Qf4 Ba4 40.Qg3 Qe8  0-1

[Event "FIN-ch"]
[Site "Helsinki"]
[Date "1988.??.??"]
[Round "8"]
[White "Rantanen, Yrjo A"]
[Black "Kekki, Petri"]
[Result "0-1"]
[WhiteElo "2375"]
[BlackElo "2230"]

1.e4 e6 2.d4 d5 3.Nc3 Bb4 4.e5 Ne7 5.a3 Bxc3+ 6.bxc3 c5 7.Qg4 O-O 8.h4 f5
9.Qf4 Qa5 10.Bd2 Qa4 11.Kd1 Nbc6 12.h5 b6 13.dxc5 d4 14.Nf3 bxc5 15.cxd4 cxd4
16.Bd3 Ba6 17.Ke2 Nd5 18.Qg5 Nc3+ 19.Kf1 Bxd3+ 20.cxd3 Qb5 21.Kg1 Qxd3 22.Rh3 Ne4
23.Qf4 Qe2 24.Be1 Rad8 25.Kh2 Rd5 26.Rc1 Nc5 27.Ng1 Qxe5 28.Qxe5 Nxe5 29.Rd1 Ng4+
30.Kh1 f4 31.Nf3 e5 32.Kg1 Rfd8 33.Rh4 Nf6 34.Bb4 d3 35.Nd2 Nce4 36.Nxe4 Nxe4
37.f3 Ng3 38.Be1 Nf5  0-1

[Event "Illinois"]
[Site "Illinois"]
[Date "1988.??.??"]
[Round "?"]
[White "Giles, Morris"]
[Black "Chow, Albert"]
[Result "1/2-1/2"]
[WhiteElo "2330"]
[BlackElo "2305"]

1.e4 e6 2.d4 d5 3.Nc3 Bb4 4.e5 Qd7 5.Nf3 b6 6.Bd2 Ne7 7.Nb5 Bxd2+ 8.Qxd2 Ba6
9.a4 O-O 10.Be2 c6 11.Nd6 Bxe2 12.Qxe2 c5 13.O-O Nbc6 14.c3 Nc8 15.Nxc8 Rfxc8
16.Rfd1 Qc7 17.h3 cxd4 18.cxd4 Ne7 19.Qd2 Qc2 20.Rdc1 Qxd2 21.Nxd2 Kf8 22.Kf1 Ke8
23.Ke2 Kd7 24.Nf3 f6 25.Kd2 Nc6 26.Rc3 fxe5 27.Rac1 e4 28.Rxc6 exf3 29.Rxc8 Rxc8
30.Rxc8 Kxc8 31.g3 Kd7  1/2-1/2

[Event "JUG-ch"]
[Site "?"]
[Date "1988.??.??"]
[Round "?"]
[White "Abramovic, Bosko"]
[Black "Lalic, Bogdan"]
[Result "1/2-1/2"]
[WhiteElo "2460"]
[BlackElo "2495"]

1.e4 e6 2.d4 d5 3.Nc3 Bb4 4.e5 Ne7 5.a3 Bxc3+ 6.bxc3 c5 7.Qg4 O-O 8.Nf3 Nbc6
9.Bd3 f5 10.exf6 Rxf6 11.Bg5 Rf7 12.Bxe7 Rxe7 13.Qh4 g6 14.O-O c4 15.Be2 Bd7
16.Rfe1 Qf8 17.Bd1 Rae8 18.Ne5 Nxe5 19.Rxe5 Rc8 20.Bg4 Rc6 21.Rae1 Rf7 22.Qg3 Qxa3
23.h4 Rf6 24.h5 a5 25.Qh4 Qf8 26.hxg6 Rxg6 27.R1e3 Qf6 28.Qh3 a4 29.Bh5 Rg7
30.Rf3 Qe7 31.Rg3 a3 32.Rxg7+ Qxg7 33.Qh4 h6 34.Re3 a2 35.Qd8+ Kh7 36.Rg3 a1=Q+
37.Kh2 Qxg3+ 38.fxg3 Qf1 39.Qxd7+ Kg8 40.Qxb7 Qf5 41.Qa8+ Kg7 42.Qb7+  1/2-1/2

[Event "FRG-ch qual"]
[Site "Koenigslutter"]
[Date "1988.??.??"]
[Round "?"]
[White "Schmittdiel, Eckhard"]
[Black "Behrens, Harald"]
[Result "1/2-1/2"]
[WhiteElo "2425"]
[BlackElo "2305"]

1.e4 e6 2.d4 d5 3.Nc3 Bb4 4.e5 Qd7 5.Bd2 b6 6.Nce2 Bf8 7.g3 Ne7 8.Nf3 h5
9.h4 Nf5 10.Bh3 Ba6 11.Nf4 Nc6 12.Bc3 Nce7 13.a4 g6 14.Nd3 Bxd3 15.Qxd3 a5
16.Bd2 Bh6 17.Bg5 c5 18.Bf6 Bg7 19.Bxg7 Nxg7 20.O-O Ngf5 21.c3 Rc8 22.dxc5 bxc5
23.Qb5 Nc6 24.Bxf5 gxf5 25.Qxc5 Nxe5 26.Qe3 Nxf3+ 27.Qxf3 Rb8 28.Rfe1 Kf8
29.Re2 Kg7 30.Qf4 Qd8 31.Rae1 Rb7 32.b4 Qf6 33.b5 Rc8 34.Qd6 Qd8 35.Qe5+ Qf6
36.Qd6 Qd8 37.Qe5+ Qf6 38.Qd6  1/2-1/2

[Event "BKL-Turnier"]
[Site "Leipzig"]
[Date "1988.??.??"]
[Round "?"]
[White "Blatny, Pavel"]
[Black "Casper, Thomas"]
[Result "1-0"]
[WhiteElo "2440"]
[BlackElo "2420"]

1.e4 e6 2.d4 d5 3.Nc3 Bb4 4.e5 Ne7 5.a3 Bxc3+ 6.bxc3 c5 7.Qg4 O-O 8.Nf3 Nbc6
9.Bd3 f5 10.exf6 Rxf6 11.Bg5 Rf7 12.Bxe7 Rxe7 13.Qh4 h6 14.O-O c4 15.Bg6 Bd7
16.Rae1 Be8 17.Bxe8 Qxe8 18.Ne5 Nxe5 19.Rxe5 Rf7 20.Qg4 Rf6 21.Rfe1 Qf7 22.Qe2 Re8
23.f3 Qd7 24.Qe3 Kf8 25.f4 Qf7 26.g3 Qg6 27.Re2 Qf7 28.Kg2 Qg6 29.h3 Qf7
30.Kh2 Re7 31.Kg2 Re8 32.h4 h5 33.Qc1 g6 34.Qb2 Rc8 35.Qb4+ Kg7 36.Qa4 a6
37.Qb4 Rc6 38.Re1 Rc7 39.a4 Rxf4 40.gxf4 Qxf4 41.R1e2 Rf7 42.Qb1 Qg4+ 43.Kh1 Rf3
44.Rg2 Qxh4+ 45.Kg1 Rg3 46.Qe1 Rxg2+ 47.Kxg2 Qg4+ 48.Qg3 Qd1 49.Rxe6  1-0

[Event "BKL-Turnier"]
[Site "Leipzig"]
[Date "1988.??.??"]
[Round "?"]
[White "Tischbierek, Raj"]
[Black "Teske, Henrik"]
[Result "1-0"]
[WhiteElo "2500"]
[BlackElo "2425"]

1.e4 e6 2.d4 d5 3.Nc3 Bb4 4.e5 b6 5.a3 Bf8 6.Nf3 Ba6 7.Bxa6 Nxa6 8.O-O Ne7
9.Ne2 c5 10.Nf4 Qd7 11.c3 Nc6 12.b4 Nc7 13.bxc5 bxc5 14.Nh5 Na5 15.dxc5 Na6
16.Be3 Nc4 17.Bd4 Qc6 18.Nd2 Nxd2 19.Qxd2 O-O-O 20.Qe2 g6 21.Nf4 Bxc5 22.Nd3 Rd7
23.Rfc1 Rc7 24.Nb4 Nxb4 25.cxb4 Bxd4 26.Rxc6 Rxc6 27.Rd1 Bb6 28.a4 Rc4 29.a5 Bc7
30.Qf3 Rf8 31.Qe3 Kb8 32.g3 Rc8 33.Qd3 Rf8 34.Re1 Bd8 35.Rb1 Kb7 36.b5 Be7
37.Rb3 f6 38.b6 a6 39.Qe2 f5 40.Rb2 Rfc8 41.Qd2 Ba3 42.Qg5 Rf8 43.Rb1 Rf7
44.Rb3 Be7 45.Qd2 Bc5 46.Kg2 Rd7 47.h4 Re4 48.Qc1 Bb4 49.Qg5 Be7 50.Qh6 Bc5
51.Rc3 Rc4 52.Qc1 Rxc3 53.Qxc3 Be7 54.Qb3 Rd8 55.Qa4 Bc5 56.Kf1 Bf8 57.Ke2 Bg7
58.Qa3 Bf8 59.Qc1 Rd7 60.Kd3 Bb4 61.Qc2 Bf8 62.Qd2 Rf7 63.h5 gxh5 64.Qg5 Bc5
65.Qxh5 Re7 66.Qh4 Kc6 67.Qa4+ Kb7 68.Ke2  1-0

[Event "London NWYM"]
[Site "London"]
[Date "1988.??.??"]
[Round "?"]
[White "King, Daniel J"]
[Black "Rogers, Ian"]
[Result "0-1"]
[WhiteElo "2520"]
[BlackElo "2540"]

1.e4 e6 2.d4 d5 3.Nc3 Bb4 4.e5 Ne7 5.a3 Bxc3+ 6.bxc3 c5 7.Qg4 O-O 8.Nf3 f5
9.Qg3 Qc7 10.Kd1 b6 11.h4 cxd4 12.cxd4 Ba6 13.Ng5 Qd7 14.Bxa6 Nxa6 15.Qd3 Nb8
16.h5 Nbc6 17.h6 g6 18.Bd2 Rfc8 19.Ke2 Rc7 20.Rhb1 Rac8 21.a4 Nd8 22.a5 bxa5
23.Rxa5 Rxc2 24.Ra6 Nec6 25.Nf3 Rc4 26.Qa3 Rc7 27.Kf1 Rb7 28.Rb3 Rc2 29.Ke1 Qc7
30.Be3 Na5 31.Rxb7 Qxb7 32.Bd2 Nac6 33.Qa4 Qb1+ 34.Ke2 Rc4 35.Qa3 Qb5 36.Ke1 Rxd4
37.Nxd4 Nxd4 38.Kd1 Qf1+  0-1

[Event "Lugano op"]
[Site "Lugano"]
[Date "1988.??.??"]
[Round "?"]
[White "Maric, Alisa"]
[Black "Schussler, Harry"]
[Result "0-1"]
[WhiteElo "2345"]
[BlackElo "2475"]

1.e4 e6 2.d4 d5 3.Nc3 Bb4 4.e5 Ne7 5.a3 Bxc3+ 6.bxc3 c5 7.Nf3 b6 8.a4 Ba6
9.Bxa6 Nxa6 10.O-O h6 11.Qe2 Nb8 12.c4 dxc4 13.Qxc4 Nd7 14.Ba3 O-O 15.Rfd1 Qc7
16.a5 Nd5 17.axb6 axb6 18.dxc5 bxc5 19.Bb2 Rab8 20.Rab1 Rb4 21.Qf1 Ra8 22.Ra1 Rab8
23.Ba3 Rf4 24.Re1 Rf5 25.Qe2 Nf4 26.Qe3 Ng6 27.Qc3 Ndxe5 28.Nxe5 Nxe5 29.Bb2 f6
30.Ra4 c4 31.Bc1 Rb1 32.f4 Qc6 33.Ra5 Nf3+  0-1

[Event "Luxembourg op"]
[Site "Luxembourg"]
[Date "1988.??.??"]
[Round "7"]
[White "Brunner, Lucas"]
[Black "Huss, Andreas"]
[Result "0-1"]
[WhiteElo "2415"]
[BlackElo "2390"]

1.e4 e6 2.d4 d5 3.Nc3 Bb4 4.e5 b6 5.Bd2 Ne7 6.Qg4 O-O 7.Nf3 Ba6 8.Bxa6 Nxa6
9.O-O Nf5 10.Rad1 Qd7 11.Ne2 Qb5 12.Nf4 Be7 13.Nh5 Kh8 14.Bg5 Bxg5 15.Qxg5 h6
16.Qc1 c5 17.Rfe1 Rac8 18.c3 cxd4 19.Nxd4 Nxd4 20.Rxd4 Rc4 21.Re3 Rxd4 22.cxd4 Qc4
23.Rc3 Qxd4 24.Nxg7 Qh4 25.Rg3 Nc5 26.f3 Nd3 27.Qe3 Rc8 28.Qxd3 Rc1+ 29.Kf2 Qb4
30.f4 Qxb2+ 31.Ke3 Rc3 32.Nh5 Qc1+ 33.Ke2 Rxd3 34.Rxd3 Qc2+ 35.Ke3 Qxg2 36.Nf6 Qg1+
37.Kf3 Qxh2 38.Rd1 Qh3+ 39.Ke2 Qg2+ 40.Ke1 Qg3+  0-1

[Event "Mendrisio op"]
[Site "Mendrisio"]
[Date "1988.??.??"]
[Round "2"]
[White "Wagman, Stuart"]
[Black "Rogers, Ian"]
[Result "0-1"]
[WhiteElo "2215"]
[BlackElo "2540"]

1.e4 e6 2.d4 d5 3.Nc3 Bb4 4.e5 Qd7 5.Bd2 b6 6.Nf3 Ne7 7.h4 h6 8.Ne2 Bxd2+
9.Qxd2 Ba6 10.Nf4 Bxf1 11.Kxf1 Qb5+ 12.Nd3 c5 13.Kg1 Nf5 14.a4 Qc6 15.c3 a5
16.g4 Ne7 17.h5 Na6 18.Kg2 Qd7 19.b4 axb4 20.cxb4 cxb4 21.Nxb4 Nxb4 22.Qxb4 O-O
23.Qxb6 Rxa4 24.Rxa4 Qxa4 25.Rc1 Nc8 26.Qb7 Qa7 27.Rc7 Qxb7 28.Rxb7 Re8 29.Nd2 Re7
30.Rxe7 Nxe7 31.Kf3 g6 32.hxg6 fxg6 33.Kf4 Kf7 34.Nf1 Nc6 35.Ke3 h5 36.gxh5 gxh5
37.Nh2 Kg6 38.f4 h4 39.Nf3 h3 40.Kf2 Kf5 41.Kg3 h2 42.Nxh2 Nxd4  0-1

[Event "Mendrisio op"]
[Site "Mendrisio"]
[Date "1988.??.??"]
[Round "4"]
[White "Lagumina, Giulio"]
[Black "Vezzosi, Paolo"]
[Result "1-0"]
[WhiteElo "2100"]
[BlackElo "2340"]

1.e4 e6 2.d4 d5 3.Nc3 Bb4 4.e5 b6 5.a3 Bf8 6.Nf3 Ne7 7.Bb5+ Bd7 8.Bd3 c5
9.Bg5 Qc8 10.O-O Nbc6 11.Nb5 Ng6 12.c4 dxc4 13.Bxc4 cxd4 14.Rc1 a6 15.Nbxd4 Qb7
16.Re1 Bc5 17.Nb3 Be7 18.Bxe7 Ncxe7 19.Qe2 O-O 20.Nbd4 Rfc8 21.Ng5 Rc5 22.Ndf3 b5
23.Bxe6  1-0

[Event "Naestved op"]
[Site "Naestved"]
[Date "1988.??.??"]
[Round "?"]
[White "Furhoff, Johan"]
[Black "Gallus, Gerald"]
[Result "0-1"]
[WhiteElo "2150"]
[BlackElo "2220"]

1.e4 e6 2.d4 d5 3.Nc3 Bb4 4.e5 b6 5.Nf3 Qd7 6.Bd3 Ba6 7.Bxa6 Nxa6 8.O-O h5
9.Ne2 Nb8 10.Bg5 Nc6 11.Nf4 f6 12.exf6 gxf6 13.Bh4 O-O-O 14.Qe2 Bd6 15.Nxe6 Re8
16.Rfe1 Rh7 17.c4 Rhe7 18.cxd5 Nb4 19.Rec1 Nxd5 20.Qa6+ Kb8 21.Nc5 bxc5 22.dxc5 Bf4
23.c6 Qc8 24.Qb5+ Nb6 25.Rd1 Re6 26.a4 a6 27.Qb4 Re4 28.Rd4 Bd6 29.Qb3 Rxd4
30.Nxd4 Bc5 31.Nf3 Qe6 32.Qc3 Qxc6 33.a5 Nd5 34.Qc2 Nf4 35.Bg3 Ne2+ 36.Kh1 Qb5
37.Rd1 Nxg3+ 38.hxg3 Ne7 39.Qc3 Bxf2 40.Qxf6 Nf5  0-1

[Event "SWE-ch"]
[Site "Norrkoeping"]
[Date "1988.??.??"]
[Round "?"]
[White "Kyhle, Bo"]
[Black "Ornstein, Axel"]
[Result "1/2-1/2"]
[WhiteElo "2305"]
[BlackElo "2430"]

1.e4 e6 2.d4 d5 3.Nc3 Bb4 4.e5 Ne7 5.a3 Bxc3+ 6.bxc3 c5 7.Nf3 b6 8.a4 Ba6
9.Bxa6 Nxa6 10.Qe2 Nb8 11.Ba3 Nd7 12.O-O O-O 13.dxc5 bxc5 14.c4 Qc7 15.Rfe1 dxc4
16.Qxc4 Rfd8 17.Rad1 Ng6 18.h3 Qa5 19.Qb5 Qc7 20.Qc4 h6 21.Qe4 Nb6 22.g3 Rac8
23.Rxd8+ Rxd8 24.Rb1 Rd7 25.Kg2 Nd5 26.Rb5 Nc3 27.Qa8+ Rd8 28.Rxc5 Rxa8 29.Rxc7 Nxa4
30.h4 Nb6 31.Bc5 Nf8 32.Bxb6 axb6 33.Nd4 Ra5 34.Nc6 Rc5 35.Ne7+ Kh7 36.Rxc5 bxc5
37.f4 Nd7 38.Kf3 g5 39.Ke4 gxh4 40.gxh4 Kg7 41.f5 exf5+ 42.Kxf5 Nb6 43.h5 Kf8
44.Nc6 Nd5 45.Ke4 Nb4 46.Nb8  1/2-1/2

[Event "Paris-ch"]
[Site "Paris"]
[Date "1988.??.??"]
[Round "2"]
[White "Timmer, Robert"]
[Black "Apicella, Manuel"]
[Result "0-1"]
[WhiteElo "2275"]
[BlackElo "2355"]

1.e4 e6 2.d4 d5 3.Nc3 Bb4 4.e5 Ne7 5.a3 Bxc3+ 6.bxc3 c5 7.Qg4 O-O 8.Bd3 c4
9.Bh6 Ng6 10.Bxg6 fxg6 11.Be3 Nc6 12.h4 Qe8 13.h5 gxh5 14.Rxh5 Ne7 15.Nf3 Rf5
16.Rh2 Qg6 17.Qh4 Nc6 18.O-O-O Bd7 19.Rdh1 h6 20.Rh3 Rxf3 21.gxf3 Nb4 22.Kd2 Qxc2+
23.Ke1 Qb1+ 24.Bc1 Qxc1+ 25.Ke2 Qxc3 26.Kf1 Nd3 27.Rg3 Qe1+ 28.Kg2 Qxf2+
29.Kh3 Rf8  0-1

[Event "Paris-ch"]
[Site "Paris"]
[Date "1988.??.??"]
[Round "7"]
[White "Abramovic, Bosko"]
[Black "Apicella, Manuel"]
[Result "1/2-1/2"]
[WhiteElo "2460"]
[BlackElo "2355"]

1.e4 e6 2.d4 d5 3.Nc3 Bb4 4.e5 Ne7 5.a3 Bxc3+ 6.bxc3 c5 7.a4 Nbc6 8.Nf3 Qa5
9.Qd2 Bd7 10.Be2 f6 11.Ba3 cxd4 12.cxd4 Qxd2+ 13.Kxd2 Nf5 14.Rhb1 b6 15.c3 Kf7
16.Ke1 h5 17.g3 g5 18.exf6 Kxf6 19.Bb5 Rh7 20.h4 gxh4 21.gxh4 Na5 22.Bd3 Rc8
23.Bb4 Nc6 24.Kd2 Rg7 25.a5 Rg2 26.Ke1 e5 27.dxe5+ Nxe5 28.Nxe5 Kxe5 29.axb6 axb6
30.Ra7 Be6 31.Rh7 Ra8 32.Kf1 Rh2 33.Rxh5 Ra2 34.Re1+ Kf6 35.Rxe6+ Kxe6 36.Bxf5+ Kf6
37.Bd3 Rhxf2+ 38.Kg1 Rg2+ 39.Kh1 Rh2+ 40.Kg1 Rag2+ 41.Kf1 Rd2 42.Kg1  1/2-1/2

[Event "Pau"]
[Site "Pau"]
[Date "1988.??.??"]
[Round "2"]
[White "Koch, Jean Rene"]
[Black "Apicella, Manuel"]
[Result "1-0"]
[WhiteElo "2420"]
[BlackElo "2370"]

1.e4 e6 2.d4 d5 3.Nc3 Bb4 4.e5 Ne7 5.a3 Bxc3+ 6.bxc3 c5 7.Qg4 O-O 8.Bd3 Nbc6
9.Bg5 Qa5 10.Ne2 cxd4 11.f4 Bd7 12.O-O dxc3 13.Rf3 Ng6 14.Rh3 Nb4 15.Qh5 h6
16.axb4 Qxa1+ 17.Kf2 Kh7 18.Bxh6 Rh8 19.Bxg6+ fxg6 20.Qg5 Kg8 21.Qxg6 Rh7
22.Rg3 Be8 23.Qf6  1-0

[Event "Pau"]
[Site "Pau"]
[Date "1988.??.??"]
[Round "3"]
[White "Apicella, Manuel"]
[Black "Mischustov, Michael"]
[Result "0-1"]
[WhiteElo "2370"]
[BlackElo "2315"]

1.e4 e6 2.d4 d5 3.Nc3 Bb4 4.e5 Ne7 5.a3 Bxc3+ 6.bxc3 b6 7.Qg4 Ng6 8.Nh3 Ba6
9.Bxa6 Nxa6 10.O-O Nb8 11.Nf4 Qh4 12.Qxh4 Nxh4 13.Nh5 Rg8 14.f4 Nd7 15.g4 f5
16.exf6 Nxf6 17.Nxf6+ gxf6 18.h3 h5 19.g5 Kd7 20.Be3 Nf5 21.Rae1 Raf8 22.Rf3 Nh4
23.Rf2 fxg5 24.fxg5  0-1

[Event "DDR-FRG"]
[Site "Potsdam"]
[Date "1988.??.??"]
[Round "?"]
[White "Vogt, Lothar"]
[Black "Hertneck, Gerald"]
[Result "1-0"]
[WhiteElo "2485"]
[BlackElo "2435"]

1.e4 e6 2.d4 d5 3.Nc3 Bb4 4.e5 Ne7 5.a3 Bxc3+ 6.bxc3 c5 7.Qg4 O-O 8.Bd3 f5
9.exf6 Rxf6 10.Bg5 Rf7 11.Qh4 h6 12.Nf3 hxg5 13.Qh7+ Kf8 14.Ne5 Rf5 15.Bxf5 exf5
16.h4 Nbc6 17.h5 Qa5 18.O-O Nxe5 19.h6 gxh6 20.Qxh6+ Kg8 21.dxe5 Qa6 22.Qxg5+ Kf7
23.Rfe1 Qg6 24.Qh4 Be6 25.Re3 Qg7 26.Rae1 Rh8 27.Qf6+ Qxf6 28.exf6 Ng6 29.Rxe6 Rh4
30.Rd6 Ra4 31.Rxd5 Kxf6 32.Rxc5 Rxa3 33.Rc7 b6 34.Rc6+ Kf7 35.g3 Ra5 36.Rc7+ Kf6
37.Rc6+ Kf7 38.f4 Ra2 39.Re2 Ra1+ 40.Kf2 Ra4 41.c4  1-0

[Event "Bohemians"]
[Site "Prague"]
[Date "1988.??.??"]
[Round "?"]
[White "Kindermann, Stefan"]
[Black "Huss, Andreas"]
[Result "1/2-1/2"]
[WhiteElo "2500"]
[BlackElo "2390"]

1.e4 e6 2.d4 d5 3.Nc3 Bb4 4.e5 b6 5.a3 Bxc3+ 6.bxc3 Qd7 7.Qg4 f5 8.Qg3 Nc6
9.Nf3 Bb7 10.a4 O-O-O 11.Nd2 Na5 12.Ba3 h5 13.h4 Nh6 14.Bb4 Nc6 15.a5 f4
16.Qd3 Rdg8 17.Nf3 Nf7 18.Qd2 g5 19.hxg5 Nxg5 20.Nxg5 Rxg5 21.Qxf4 Rf5 22.Qd2 Nxb4
23.cxb4 Rhf8 24.f3 Qg7 25.axb6 axb6 26.O-O-O Kb8 27.Kb2 Rg5 28.Rh3 c5 29.c3 cxd4
30.cxd4 Rc8 31.Rc1 Rxc1 32.Kxc1 Qg8 33.f4 Rf5 34.Bd3 Rf7 35.Rxh5 Rc7+ 36.Kb2 Qe8
37.Rh1 Qa4 38.Ra1 Qe8 39.g4 Bc6 40.Rc1 Rg7 41.g5 Bb5 42.Qc3 Bxd3 43.Qxd3 Qa4
44.Qc3 Rh7 45.Qc8+ Ka7 46.Rc7+ Rxc7 47.Qxc7+ Ka8 48.Qc3 Qd1 49.Ka3 Qb1 50.Qc8+ Ka7
51.Qd7+ Kb8 52.Ka4 Qd3 53.Qd8+ Kb7 54.Qd7+ Kb8 55.Qc6 Ka7 56.Qc7+ Ka6 57.Qc8+ Ka7
58.Qc7+ Ka6 59.Qc8+ Ka7 60.g6 Qb5+ 61.Kb3 Qd3+ 62.Qc3 Qb1+ 63.Ka3 Qxg6 64.Ka4 Kb7
65.b5 Qe8 66.Kb4 Qe7+ 67.Kb3 Qd7 68.Qd3 Qf7 69.Qc2 Qe8 70.Qd3 Qf7 71.Qd2 Qg6
72.Qc2 Qe8 73.Qh7+ Kb8 74.Qd3 Qf7  1/2-1/2

[Event "Bohemians"]
[Site "Prague"]
[Date "1988.??.??"]
[Round "?"]
[White "Damjanovic, Mato"]
[Black "Huss, Andreas"]
[Result "1/2-1/2"]
[WhiteElo "2325"]
[BlackElo "2390"]

1.e4 e6 2.d4 d5 3.Nc3 Bb4 4.e5 b6 5.Bd2 Ne7 6.Nce2 Bxd2+ 7.Qxd2 Ba6 8.Nf3 c5
9.c3 Nbc6 10.g3 cxd4 11.cxd4 Nf5 12.Bh3 Bxe2 13.Kxe2 Nfe7 14.Rhc1 Qd7 15.Kf1 O-O
16.Kg1 Rac8 17.b4 h6 18.Bf1 Qb7 19.a3 f6 20.Bh3 f5 21.Bf1 Rc7 22.h4 Rfc8
23.Bd3 Nb8 24.Rxc7 Qxc7 25.b5 Qc3 26.Qxc3 Rxc3 27.Be2 Nd7 28.Kf1 Nf8 29.Ke1 Nfg6
30.Kd2 Rc7 31.Bd3 Nh8 32.Ng1 Nf7 33.Ne2 g5 34.Rb1 Kg7 35.f4 g4 36.h5 Nd8
37.Rc1 Rxc1 38.Nxc1 Nb7 39.Na2 Kf7 40.Nb4 Na5 41.Kc3 Ke8 42.Nc2 Kd7 43.Ne3 Kc7
44.Be2 Kd7 45.Kb4 Ke8  1/2-1/2

[Event "Reykjavik op"]
[Site "Reykjavik"]
[Date "1988.??.??"]
[Round "?"]
[White "Hjartarson, Bjarni"]
[Black "Jonasson, Benedikt"]
[Result "1/2-1/2"]
[WhiteElo "2125"]
[BlackElo "2345"]

1.e4 e6 2.d4 d5 3.Nc3 Bb4 4.e5 Qd7 5.a3 Bxc3+ 6.bxc3 b6 7.Nf3 Ba6 8.Bxa6 Nxa6
9.O-O Nb8 10.a4 Nc6 11.Qd3 Na5 12.Nd2 Ne7 13.Ba3 O-O 14.f4 f5 15.exf6 Rxf6
16.Nf3 Ng6 17.Ne5 Qe8 18.g3 Nxe5 19.dxe5 Rf5 20.g4 Qg6 21.Qg3 Rf7 22.f5 exf5
23.gxf5 Rxf5 24.Rxf5 Qxf5 25.Rf1 Qg6 26.Qxg6 hxg6 27.e6 Nc4 28.Bc1 Re8 29.Bf4 Rxe6
30.Bxc7 Re2 31.Rc1 Kf7 32.Bb8 a5 33.Bc7 Re7 34.Bd8 Rd7 35.Bg5 Rc7 36.Rb1 Rc6
37.Re1 Nb2 38.Re7+ Kf8 39.Rd7 Nxa4 40.Rxd5 Rxc3 41.Rd8+ Kf7 42.Rd7+ Ke6 43.Rxg7 Kf5
44.h4 Rxc2 45.Rf7+ Ke5 46.Rf6 b5 47.Ra6 Nc3 48.Rxa5 Ra2 49.Bd8 Ke4 50.Rxa2 Nxa2
51.Kf2 Nc1 52.Kg3 Nd3 53.Ba5 Kf5 54.Kf3 Ne5+ 55.Ke2 Ke4 56.Kf2 Kf5 57.Ke2 Kg4
58.Bd8 Kf4 59.Kd2 Ke4 60.Kc3 Kd5 61.Bf6 Nc6 62.Kd3 b4 63.Ba1 Ne5+ 64.Ke3 b3
65.Kf4 Nf7 66.Kg4 Ke4 67.h5 gxh5+ 68.Kxh5 Ne5 69.Kg5 Nc4 70.Kf6 Ne3 71.Ke6 Nc2
72.Bb2 Ne3 73.Ba1 Nc4 74.Kd7 Kd5 75.Kc7 Kc5 76.Kd7 Ne3 77.Ke6 Kc4 78.Kd6 Nd1
79.Kc6 Ne3 80.Kd6 Kb4 81.Ke5 Kc4 82.Kd6  1/2-1/2

[Event "Sarajevo"]
[Site "Sarajevo"]
[Date "1988.??.??"]
[Round "?"]
[White "Klinger, Josef"]
[Black "Dizdar, Goran"]
[Result "1-0"]
[WhiteElo "2505"]
[BlackElo "2490"]

1.e4 e6 2.d4 d5 3.Nc3 Bb4 4.e5 b6 5.a3 Bxc3+ 6.bxc3 Qd7 7.a4 Ne7 8.g3 Ba6
9.Ne2 Nbc6 10.h4 O-O-O 11.Bh3 Kb8 12.O-O h6 13.Re1 g5 14.hxg5 hxg5 15.Kg2 Rdg8
16.Bg4 Nf5 17.Rh1 Nh6 18.Ng1 Nxg4 19.Rxh8 Rxh8 20.Qxg4 f6 21.Bd2 fxe5 22.Bxg5 Qh7
23.Qh4 Qg8 24.Qg4 Qh7 25.Qh4 Qg8 26.Qg4 exd4 27.cxd4 Qh7 28.Qh4 Qg8 29.Qf4 Qh7
30.Qh4 Nxd4 31.c3 Nb3 32.Re1 Qg8 33.Qg4 Nc5 34.Nf3 Bd3 35.Ne5 Bf5 36.Qf4 Bh3+
37.Kg1 Qh7 38.Qd4 Bf5 39.Bh4 Kb7 40.c4 Qg8 41.cxd5 exd5 42.Nf7 Qxf7 43.Qxh8 Be4
44.Qf6 Qh5 45.a5 b5 46.Rc1 d4 47.f3 d3 48.g4 d2 49.Rd1 Qg6 50.Qxg6 Bxg6 51.Rxd2 Nd3
52.Bg3 b4 53.f4 Be4 54.f5 b3 55.Rxd3 Bxd3 56.Be5 Kc6 57.Kg2 Kd5 58.Ba1 Bc2
59.Kg3 c5 60.Kf4 c4 61.g5  1-0

[Event "Schoeneck op"]
[Site "Schoeneck"]
[Date "1988.??.??"]
[Round "9"]
[White "Brunner, Lucas"]
[Black "Garcia Palermo, Carlos"]
[Result "1-0"]
[WhiteElo "2425"]
[BlackElo "2455"]

1.e4 e6 2.d4 d5 3.Nc3 Bb4 4.e5 Ne7 5.a3 Bxc3+ 6.bxc3 c5 7.Qg4 O-O 8.Bd3 f5
9.Qg3 Qc7 10.Bd2 Nec6 11.Nf3 Na5 12.h4 Nc4 13.h5 Nxd2 14.Kxd2 b6 15.Ng5 h6
16.Nh3 Nc6 17.Qe3 cxd4 18.cxd4 Na5 19.Nf4 Bd7 20.Ke2 Rac8 21.Kf3 Nc4 22.Bxc4 Qxc4
23.Rhc1 Qc3 24.Ne2 Qc7 25.c3 Qd8 26.Nf4 Qg5 27.Ke2 Rc4 28.Rab1 Rfc8 29.Rb4 R4c6
30.Rb3 Be8 31.Rh1 Qe7 32.Rh3 R6c7 33.Rg3 Bf7 34.Kd2 Kh7 35.Qd3 Qe8 36.Rh3 Qa4
37.Qb5 Qxb5 38.Rxb5 Rc4 39.Rb4 R4c6 40.Rb3 Kg8 41.Rh1 Rc4 42.Ra1 Ra4 43.Rb4 Rxb4
44.axb4 Rc7 45.f3 Kh7 46.Kd3 Re7 47.c4 dxc4+ 48.Kxc4 Kg8 49.d5 exd5+ 50.Kd4 Kf8
51.e6 Be8 52.Rc1 Bxh5 53.Nxh5 Rxe6 54.Rc8+ Kf7 55.Rc7+ Re7 56.Rxe7+ Kxe7
57.b5 g5 58.Kxd5  1-0

[Event "DDR-ch 37th"]
[Site "Stralsund"]
[Date "1988.??.??"]
[Round "10"]
[White "Tischbierek, Raj"]
[Black "Casper, Thomas"]
[Result "1-0"]
[WhiteElo "2500"]
[BlackElo "2420"]

1.e4 e6 2.d4 d5 3.Nc3 Bb4 4.e5 Ne7 5.a3 Bxc3+ 6.bxc3 c5 7.h4 Qc7 8.Rh3 b6
9.h5 h6 10.Qg4 Rg8 11.Bd2 Ba6 12.Bxa6 Nxa6 13.Qe2 Nb8 14.Qd3 Nd7 15.Ne2 cxd4
16.cxd4 Qc4 17.Qxc4 dxc4 18.Nc3 a6 19.Ne4 Nd5 20.Rg3 f6 21.Bxh6 Kf8 22.Bd2 fxe5
23.Rf3+ Ke8 24.Bg5 N5f6 25.Bxf6 Nxf6 26.Nd6+ Kd7 27.Nxc4  1-0